1131 1099 1016 1096 1039 1040 1459 1086 1576 1350 1702 1721 1879 1934 1830 1696 1283 1704 1035 1758 1974 1516 1725 1605 1499 1651 1103 1490 1417 1248 1530 1207 1740 1112 1710 1852 1670 1114 1970 1695 1675 1670 1718 1760 1583 1382 1953 1927 1500 1468 1910 1893 1687 1974 1728 1125 1014 1181 1956 1868 1950 1652 1839 1595 1617 1548 1383 1104 1448 1727 1747 1578 1649 1494 1701 1143 1611 1552 1373 1789 1211 1516 1778 1665 1699 1402 1245 1206 1740 1499 1061 1089 1437 1123 1790 1801 1249 1595 1939 BCNSPRNW ULIB Ver.6.0+V

เปลี่ยนเป็นภาษาไทย

Change to English
 แสดงรายละเอียดบรรณานุกรม
  กลับหน้าหลัก

Brief Record : Get Marc (ISO 2709) : E-mail record : QR code < ปิดหน้าต่าง
LEADER : 00000nam 2200000uu 4500
001    13399120840
003     ULIB
008    020711s2553 th a 000 0 tha d
020    9786167138121
090    นว.^bม124ส
100    มณีบุษย์
245    สัญญารัก พยาบาท /^cมณีบุษย์
260    กรุงเทพฯ :^bลีลา,^c2553
300    315 หน้า
945    ^p230^l0^i17047
999    ^aทศพร เกษรทอง
รายการนี้ยังไม่มีแท็ก
คุณยังไม่ได้ล็อกอิน คุณสามารถมีกิจกรรมร่วมกับเว็บไซต์ได้ แต่ต้องล็อกอินก่อน ::
  ล็อกอิน

รายการสื่อสารสนเทศ

ลำดับที่ ประเภท เลขเรียก/บาร์โค้ด สถานที่ สถานะ
1. นวนิยาย
นวนิยาย
นว. ม124ส  
  Barcode: 17047
ห้องสมุดวิทยาเขตสวรรค์ประชารักษ์
►นวนิยาย
บนชั้น
  ขอยืม

BibComment


ยังไม่เคยถูกคอมเมนท์

คอมเมนท์ทรัพยากรรายการนี้
  คอมเมนท์: สัญญารัก พยาบาท ..


 Copyright 2026. Bcnsprnw @Library